লোডিং...

Wind Energy Systems Optimising Design and Construction for Safe and Reliable Operation

গ্রন্থ-পঞ্জীর বিবরন
প্রধান লেখক: Sorenson, J.D.; ed
অন্যান্য লেখক: Sørensen, J.N.; ed
বিন্যাস: বৈদ্যুতিন গ্রন্থ
ভাষা:English
প্রকাশিত: Wood head pub.e.books 2011
বিষয়গুলি:
অনলাইন ব্যবহার করুন:http://www.sciencedirect.com/science/book/9781845695804
LEADER 00685 a2200193 4500
005 20151026133401.0
008 150522b xxu||||| |||| 00| 0 eng d
020 |a 9781845695804 
100 |a Sorenson, J.D.; ed. 
245 |a Wind Energy Systems  |b Optimising Design and Construction for Safe and Reliable Operation  
260 |c 2011  |b Wood head pub.e.books 
500 |a Online Book 
653 |a Wind energy conversion systems 
653 |a Wind power 
700 |a Sørensen, J.N.; ed. 
856 |u http://www.sciencedirect.com/science/book/9781845695804 
942 |c EB  |6 _ 
999 |c 69735  |d 69735 
952 |0 0  |1 0  |2 udc  |4 0  |6 _  |7 0  |9 81881  |a UL  |b UL  |d 2015-05-22  |p EB000300  |r 2015-05-22  |w 2015-05-22  |y EB